000 00540nam a2200157 a 4500
008 120416s1966 ||||||||||||||||| || u
050 _aG 1046.C1 Ham
100 _aCarpenter, Shirley
245 1 0 _aHamlyn's new relief world atlas
_cedited by Shirley Carpenter
260 _aLondon
_bPaul Hamlyn
_c1966
300 _a205p. : ill.
350 _a0.00
650 _aTEXTBOOKS
700 _aMarber, Romek
995 _D0.00
_FCBU-MAIN LIBRARY (Kitwe)
_H1
_I15.00
_M1
_UREFERENCE
_ZReference Collection
999 _c45221
_d45221